Methodology of the enterprise architecture creating and the role of the enterprise architecture in rural development

Popis metodického prístupu, metódy pre vývoj a nasadenie podnikovej architektúry v spoločnosti. Koncept podnikovej architektúry a manažérsky prístup ku komplexnému podnikovému modelu. Záverečná kapitola hodnotí súvislosť z podnikovými znalosťami.

Na minha lista:
Detalhes bibliográficos
Autor principal: Rábová, Ivana
Formato: Capítulo de Livro
Idioma:inglês
Assuntos:
Tags: Adicionar Tag
Sem tags, seja o primeiro a adicionar uma tag!

MARC

LEADER 00000naa$a2200000$$$4500
001 0117107
005 20231129070020.7
041 0 |a eng 
044 |a CZ 
245 1 0 |a Methodology of the enterprise architecture creating and the role of the enterprise architecture in rural development  |c Ivana Rábová 
520 |a Popis metodického prístupu, metódy pre vývoj a nasadenie podnikovej architektúry v spoločnosti. Koncept podnikovej architektúry a manažérsky prístup ku komplexnému podnikovému modelu. Záverečná kapitola hodnotí súvislosť z podnikovými znalosťami. 
610 2 0 |a podnik poľnohospodársky 
610 2 0 |a architektúra 
610 2 0 |a metódy 
610 2 0 |a procesy podnikové 
610 2 0 |a modelovanie 
610 2 0 |a riadenie znalostí 
610 2 0 |a systémy informačné podnikové 
610 2 0 |a vidiek 
610 2 0 |a rozvoj regionálny 
100 1 |a Rábová, Ivana